000 01128nam a22003257a 4500
003 CHAP
005 20220329135040.0
008 971013s1983 r 00010 d
010 _a30111
011 _a31083
035 _a35195
040 _cCHAP
090 _aTesis
100 0 0 _aLiñán Nájera, Rubén.
_967022
245 _aEstudio del radio de acción en la atracción de la palomilla de Heliothis zea (Boddie) en lámpara trampa de luz negra
260 _aMarín, N.L. :
_bEl autor,
_c1983
300 _a64 h.
_b: ilus. ; gráfs.
502 _aTesis (Ing. Agr. Parasitólogo) -- Univ. Autónoma de Nuevo León
590 _aALEPH
_b10
_c20130110
_lUCH01
_h1251
590 _aBATCH-UPD
_b10
_c20130110
_lUCH01
_h1700
590 _aBATCH-UPD
_b10
_c20130410
_lUCH01
_h1048
590 _aBATCH-UPD
_b10
_c20130914
_lUCH01
_h1630
590 _aCONVERSION
_b10
_c20130109
_lUCH01
_h1317
650 1 4 _aHeliothis (Helicoverpa) zea.
_953438
650 1 4 _aLuz
_xEfecto en insectos.
_969235
650 1 4 _aRepelentes y atrayentes de insectos.
_995985
901 _aBK
942 _cTESIS
949 _bBC
_cTES
_d-81314
_eTS1
_i35195
_si
999 _c30111
_d30111